Responses for Show #6446 - Monday, October 1, 2012

Contestants

[<< previous game]

Rochelle Smith, a university librarian from Moscow, Idaho

Joanna Mang, a nanny from San Diego, California

Brendan DuBois, a mystery and suspense writer from Exeter, New Hampshire (whose 1-day cash winnings total $23,000)

[next game >>]

Jeopardy! Round responses

THE COURSE OF TRUE LOVE
SPORTS PEOPLE
AMERICAN HISTORY "Q" & "A"
COUNTRIES' BIGGEST CITIES
YOU DESERVE A PRIZE
CHAIN LETTER
(Alex: In this category, the last letter of the correct response for the first clue will be the first letter of the correct response for the next clue and so on down the column.)
    $200 13
a wolf whistle

Rochelle
    $200 26
Missy Franklin

Joanna
    $200 1
the Quakers

Rochelle
    $200 6
Nepal

Brendan
    $200 11
an Oscar

Rochelle
    $200 21
a valet

Brendan
    $400 14
flirting

Brendan
    $400 27
Jerry Rice

Joanna
    $400 2
Andersonville

Brendan
    $400 7
Pakistan

Brendan
    $400 12
Steve Martin

Rochelle
    $400 22
a tangerine

Rochelle
    $600 18
terms of endearment

Rochelle
    $600 28
Billie Jean King

Rochelle
    $600 3
Dan Quayle

Brendan
    $600 8
Nigeria

Brendan
    $600 15
Henry Kissinger

Brendan
    $600 23
ergo

Brendan
    $800 19
monogamy

Rochelle
    $800 29
[The end-of-round signal sounds.]

Bubba Watson

Triple Stumper
    $800 4
Major Andre

Brendan
    $800 9
Serbia

Brendan
    $800 16
Burt Bacharach

Triple Stumper
    $800 24
(Alex: Yes, with a minute to go.)

Ourselves

Brendan
    $1000 20
steady

Joanna
    $1000 5
the Alliance for Progress

Triple Stumper
    $1000 10
Syria

Brendan
    $1000 17
the Goon Squad

Joanna
    $1000 25
a soapbox

Brendan

Scores at the first commercial break (after clue 15):

Brendan Joanna Rochelle
$5,800 $0 $1,000

Scores at the end of the Jeopardy! Round:

Brendan Joanna Rochelle
$8,400 $2,600 $3,400

Double Jeopardy! Round responses

MONOLOGUES
"ED"
DOC
TEA TIME MOVIE
CARNAC-IAN BONDS
(Alex: Each response will be three words and the three words will rhyme with each other.)
THE TONIGHT SHOW STARRING JOHNNY CARSON
(Alex: ...which made its debut just about 50 years ago.)
    $400 1
Death of a Salesman

Brendan
    $400 6
edible

Rochelle
    $400 21
an anesthesiologist

Brendan
    $400 11
the Boston Tea Party

Brendan
    $400 26
dog, hog, frog

Rochelle
    $400 16
(Brendan: Who is Jack Paar?)
(Rochelle: Who is Jack Benny?)

Groucho Marx

BrendanRochelle
Triple Stumper
    $800 2
Pygmalion

Brendan
    $800 7
edifice

Brendan
    $800 22
(Rochelle: What is an endocrinologist?)
...
(Alex: Yes, with a minute left.)

an allergist

JoannaRochelle
    $800 12
the Mad Hatter

Rochelle
    $800 27
Dench, wench, wrench

Joanna
    $800 17
a golf swing

Brendan
    $1200 3
Macbeth

Rochelle
    $1200 8
editorialize

Joanna
    $1200 23
psychiatry

Joanna
    $1200 13
the Japanese tea ceremony

Joanna
    $1200 28
[The end-of-round signal sounds.]

skunk, monk, punk

Joanna
    $1200 18
Bette Midler

Rochelle
    $4,000 4
Inherit the Wind

Rochelle
    $2,000 9
education

Joanna
    $1600 24
a podiatrist

Joanna
    $1600 14
Gulliver

Brendan
    $1600 19
the San Diego Zoo

Rochelle
    $2000 5
The Glass Menagerie

Triple Stumper
    $2000 10
edema

Joanna
    $2000 25
(Brendan: What are coroners or medical examiners?)

Pathologists

Brendan
Triple Stumper
    $2000 15
Peggy Guggenheim

Triple Stumper
    $2000 20
Tiny Tim

Rochelle

Scores at the end of the Double Jeopardy! Round:

Brendan Joanna Rochelle
$11,200 $14,600 $13,800

[wagering suggestions for these scores]

Final Jeopardy! Round responses

SINGERS & ALBUMS
BrendanWho is Diana Ross
$3,500
RochelleWho is Diana Ross
$5,800
JoannaWho is Barbra Streisand
$10,000
Barbra Streisand

Final scores:

Brendan Joanna Rochelle
$7,700 $24,600 $8,000
3rd place: $1,000 New champion: $24,600 2nd place: $2,000

Game dynamics:

Coryat scores:

Brendan Joanna Rochelle
$11,200 $14,200 $11,400
21 R,
2 W
13 R
(including 1 DD),
0 W
16 R
(including 2 DDs),
2 W

Combined Coryat: $36,800

[game] [game scores] [suggest correction]

Game tape date: 2012-07-31
The J! Archive is created by fans, for fans. Scraping, republication, monetization, and malicious use prohibited; this site may use cookies and collect identifying information. See terms. The Jeopardy! game show and all elements thereof, including but not limited to copyright and trademark thereto, are the property of Jeopardy Productions, Inc. and are protected under law. This website is not affiliated with, sponsored by, or operated by Jeopardy Productions, Inc. Join the discussion at JBoard.tv.